Rural low-cost houses: advice concerning design and choice of materials for rural housing in Tanzania (Record no. 56834)

MARC details
000 -LEADER
fixed length control field 00896nam a2200205 a 4500
008 - FIXED-LENGTH DATA ELEMENTS--GENERAL INFORMATION
fixed length control field 100211s1980 ||||||||||||||||| || u
050 ## - LIBRARY OF CONGRESS CALL NUMBER
Classification number GOV.TAN(08)TP/3
100 ## - MAIN ENTRY--PERSONAL NAME
Personal name Svard, Christer
245 10 - TITLE STATEMENT
Title Rural low-cost houses: advice concerning design and choice of materials for rural housing in Tanzania
Statement of responsibility, etc. By Christer Svard
260 ## - PUBLICATION, DISTRIBUTION, ETC.
Place of publication, distribution, etc. Dar-es-Salaam:
Name of publisher, distributor, etc. National Housing (Tanzania)
Date of publication, distribution, etc. 1980
350 ## - PRICE (NR) (BK AM CF MU VM SE) [OBSOLETE]
Price 0.00
490 ## - SERIES STATEMENT
Series statement Technical Pamphlet
500 ## - GENERAL NOTE
General note Technical Pamphlet No. 3
650 ## - SUBJECT ADDED ENTRY--TOPICAL TERM
Topical term or geographic name entry element PUBLIC HOUSING--TANZANIA
650 ## - SUBJECT ADDED ENTRY--TOPICAL TERM
Topical term or geographic name entry element HOUSING--RESEARCH--TANZANIA
650 ## - SUBJECT ADDED ENTRY--TOPICAL TERM
Topical term or geographic name entry element BUILDING MATERIALS--TANZANIA
650 ## - SUBJECT ADDED ENTRY--TOPICAL TERM
Topical term or geographic name entry element HOUSING
710 ## - ADDED ENTRY--CORPORATE NAME
Corporate name or jurisdiction name as entry element Government of the Republic of Tanzania. Ministry of Lands, Housing and Urban Development
995 ## - RECOMMENDATION 995 [LOCAL, UNIMARC FRANCE]
-- 0.00
-- CBU-MAIN LIBRARY (Kitwe)
-- 1
-- 0.00
-- 1
-- AVAILABLE
-- Feb 11, 2010
-- University Collection
Holdings
Withdrawn status Lost status Source of classification or shelving scheme Damaged status Not for loan Home library Current library Shelving location Date acquired Total Checkouts Full call number Barcode Date last seen Price effective from Koha item type
          CBU-MAIN LIBRARY, KITWE. CBU-MAIN LIBRARY, KITWE.   11/30/2022   GOV.TAN(08)TP/3 03005888 11/30/2022 11/30/2022 MONOGRAPH